Numerical analysis : an introduction /

Guardado en:
Autor Principal: Eldén, Lars, 1944-
Otros Autores: Wittmeyer-Koch, Linde, 1939-
Formato: Libro
Idioma:English
Swedish
Publicado: Boston : Academic Press, c1990.
Materias:
Etiquetas: Agregar Etiqueta
Sin Etiquetas, Sea el primero en etiquetar este registro!
LEADER 00843pam a2200253 a 4500
001 MAT.inmabb004282
008 891130s1990####maua#####b####001#0#eng##
005 20130318110217.0
245 1 0 |a Numerical analysis :  |b an introduction /  |c Lars Eldén, Linde Wittmeyer-Koch. 
260 |a Boston :  |b Academic Press,  |c c1990. 
300 |a x, 347 p. :  |b il. ;  |c 24 cm. 
500 |a Traducción revisada del original sueco: Numerisk analys. 
504 |a Incluye referencias bibliográficas e índice. 
510 4 |a MR,  |c 91d:65001 
020 |a 0122364309 
100 1 |a Eldén, Lars,  |d 1944- 
240 1 0 |a Numerisk analys.  |l Inglés 
700 1 |a Wittmeyer-Koch, Linde,  |d 1939- 
650 0 |a Numerical analysis. 
084 |a 65-01  |2 msc2000 
010 |a  89071379  
040 |a DLC  |c DLC  |d DLC 
041 1 |a eng  |h swe 
859 |h 65  |i El37  |p A-6492  |b BIB. MATEMATICA